Na Slovensku sa ochrana vkladov pripravuje podľa nemeckého modelu

Sociálny charakter nemeckého systému ochrany vkladov. Výška garancie ani poistná suma pre Slovensko zatiaľ nie sú známe (právna norma o ochrane vkladov v SR pravdepodobne v platnosti od januára 1995). Objektom poistenia vkladateľ. Poisťovňa vkladov alebo banková poisťovňa. Využitie poistných fondov...

ver descrição completa

Na minha lista:
Detalhes bibliográficos
Autor principal: Tkáč, M.
Formato: Capítulo de Livro
Idioma:eslovaco
Assuntos:
Tags: Adicionar Tag
Sem tags, seja o primeiro a adicionar uma tag!

MARC

LEADER 00000naa a2200000 4500
001 r016140
005 20221205091205.3
041 0 |a slo 
044 |a SK 
245 1 0 |a Na Slovensku sa ochrana vkladov pripravuje podľa nemeckého modelu  |c M. Tkáč 
520 |a Sociálny charakter nemeckého systému ochrany vkladov. Výška garancie ani poistná suma pre Slovensko zatiaľ nie sú známe (právna norma o ochrane vkladov v SR pravdepodobne v platnosti od januára 1995). Objektom poistenia vkladateľ. Poisťovňa vkladov alebo banková poisťovňa. Využitie poistných fondov len na operácie s cennými papiermi. V ČR poistené len neanonymné vklady. Zjednocovanie legislatívy o ochrane vkladov v Európskej únii (smernica). Čo sú vklady, peňažné ústavy a ich pobočky podľa Smernice EÚ o systéme ochrany vkladov. 
610 2 0 |a vklady 
610 2 0 |a ochrana právna 
610 2 0 |a záruka 
610 2 0 |a poistenie 
610 2 0 |a poisťovne 
610 2 0 |a fond poistný 
610 2 0 |a Európska únia 
610 2 0 |a predpisy právne 
610 2 0 |a legislatíva 
610 2 0 |a banky 
610 2 0 |a sporiteľne 
610 2 0 |a Nemecko 
610 2 0 |a Slovensko 
610 2 0 |a smernice 
100 1 |a Tkáč, M.